Guess the Movie in 3 Words II Quiz Stats

 Plays Quiz Updated Apr 21, 2019

Score 0/60 Timer 09:00
2 Plays Today
% Correct
Dumbo
92.8%
Ratatouille
92.6%
Aladdin
92.4%
King Kong
91.6%
Finding Nemo
90.7%
A Bug's Life
89.3%
Rocky
89%
Dumb and Dumber
88.8%
Titanic
88.5%
Who Framed Roger Rabbit
88.3%
Up
87.8%
E.T. the Extra-Terrestrial
87.8%
It
86.4%
Cast Away
85.7%
Freaky Friday
85.6%
Honey, I Shrunk the Kids
85.4%
Speed
85.1%
Ocean's Eleven
85%
Space Jam
84.6%
Yellow Submarine
84.1%
Sister Act
83.6%
Jaws
83.3%
Men in Black
83%
Edward Scissorhands
82.4%
The Rocky Horror Picture Show
81.3%
Liar Liar
81%
Iron Man
80.6%
A League of Their Own
80.5%
Beverly Hills Cop
80%
When Harry Met Sally
79.8%
% Correct
Good Will Hunting
79.4%
The Hunger Games
79.2%
Dawn of the Dead
78.9%
Avatar
77.4%
The Longest Yard
76.9%
Caddyshack
76.2%
Predator
75.4%
The Blues Brothers
75.1%
Bill and Ted's Excellent Adventure
74.1%
Live and Let Die
73.8%
The Love Bug
73.3%
Animal House
72.8%
Poltergeist
71%
There's Something About Mary
66.8%
Argo
65.4%
Happy Gilmore
64.8%
Slap Shot
64.7%
National Lampoon's Vacation
64.5%
Wayne's World
64.3%
Boogie Nights
63.7%
Tootsie
61.2%
A Christmas Story
59.3%
Deliverance
57.7%
Pee-wee's Big Adventure
50%
A Cry in the Dark
49.3%
Do the Right Thing
49.2%
Marathon Man
39.8%
Triumph of the Will
36.7%
The Jerk
34.1%
Battleship Potemkin
33.9%

You're not logged in!

Compare scores with friends on all Sporcle quizzes.
OR
Log In

Sporcle TV

Today on Sporcle TV


Watch our educational content, quiz creation guides, and fun videos on Sporcle TV.

Show Comments

Extras

Top Quizzes Today


Score Distribution

Your Account Isn't Verified!

In order to create a playlist on Sporcle, you need to verify the email address you used during registration. Go to your Sporcle Settings to finish the process.

Report this User

Report this user for behavior that violates our Community Guidelines.

Details: